| 000 | 00753nam a2200229 4500 | ||
|---|---|---|---|
| 003 | DO-SdBNP | ||
| 005 | 20251209085620.0 | ||
| 008 | 220422b1998 |||||||| |||| 00| 0 spa d | ||
| 040 |
_aDO-SdBNP _bspa _cBNPHU |
||
| 082 | 4 |
_a343.72930994 _bR426L _222 |
|
| 110 | 1 | 0 |
_aRepública Dominicana. _9447 |
| 240 | 1 | 0 | _a[Leyes etc.] |
| 245 | 1 | 0 | _aLey general de telecomunicaciones No. 153-98. |
| 260 |
_aSanto Domingo : _bInstituto Dominicano de las Telecomunicaciones (INDOTEL), _c1998 |
||
| 300 |
_a56 p. ; _c21 cm. |
||
| 500 | _aPublicada en la gaceta oficial no. 9983 | ||
| 590 | _aInventariado, 2022/BT | ||
| 650 | 0 |
_aTelecomunicaciones _xLegislaciòn _zRepùblica Dominicana _9550 |
|
| 710 | 2 |
_aINDOTEL _917928 |
|
| 910 | _aBtavárez | ||
| 942 |
_2ddc _cLBS1 |
||
| 999 |
_c51564 _d51564 |
||